IADVL textbook of dermatology / (Record no. 42917)

MARC details
000 -LEADER
fixed length control field 00884nam a22002417a 4500
005 - DATE AND TIME OF LATEST TRANSACTION
control field 20100818114933.0
010 ## - LCCN (DPL NO)
LC control number ENG-101247
020 ## - INTERNATIONAL STANDARD BOOK NUMBER
International Standard Book Number 9788185578866
Terms of availability 7495.00
035 ## - SYSTEM CONTROL NUMBER
System control number EN-84780
037 ## - SOURCE OF ACQUISITION
Source of stock number/acquisition DBAD/PUB
082 ## - DEWEY DECIMAL CLASSIFICATION NUMBER
Classification number 616.5
245 ## - TITLE STATEMENT
Title IADVL textbook of dermatology /
Statement of responsibility, etc edited by R. G. Valia [and] Ameet R. Valia
250 ## - EDITION STATEMENT
Edition statement 3rd ed.
260 ## - PUBLICATION, DISTRIBUTION, ETC. (IMPRINT)
Place of publication, distribution, etc Mumbai
Name of publisher, distributor, etc Bhalani Publishing House
Date of publication, distribution, etc 2008
270 ## - ADDRESS
Address 11 Mavawala Building Opp. K. E. M. Hospital Parel
City Mumbai
Postal code 400012
300 ## - PHYSICAL DESCRIPTION
Extent v.1 (xx,1152p.)
Dimensions 28cm (Hb)
500 ## - GENERAL NOTE
General note includes index
650 ## - SUBJECT ADDED ENTRY--TOPICAL TERM
Topical term or geographic name as entry element Dermatology
700 ## - ADDED ENTRY--PERSONAL NAME
Personal name Valia, R. G.
9 (RLIN) 14584
700 ## - ADDED ENTRY--PERSONAL NAME
Personal name Valia, Ameet R.
9 (RLIN) 14585
942 ## - ADDED ENTRY ELEMENTS (KOHA)
Source of classification or shelving scheme Dewey Decimal Classification
Item type English Books
Classification part 616.5
Call number suffix IAD
Holdings
Withdrawn status Lost status Materials specified (bound volume or other part) Not for loan Collection code Home library Current library Date acquired Source of acquisition Cost, normal purchase price Full call number Barcode Copy number Cost, replacement price Koha item type Public note
    v.1 Not For Loan Non-fiction D.B.Act.Division D.B.Act.Division 21/08/2010 DBAD/PUB 7495.00 616.5 IAD EN-84780 1 7495.00 English Books v.1

© Delhi Public Library
Hit Counter
free hit counter